| 000 | 00429cam a2200181ua 4500 | ||
|---|---|---|---|
| 001 | 1208 | ||
| 008 | 110616n ii |||gr||||Z||||||eng | ||
| 020 | _a19-562122-0 | ||
| 040 | _cMAIN | ||
| 082 | _a338.9 | ||
| 245 | 1 | 0 |
_aLessons of planning _cby D.T. Lakdawala |
| 260 |
_aBombay: _bOxford,987. |
||
| 300 |
_avi, 40cm.: _c5cm. |
||
| 653 | _aEconomics | ||
| 653 | _aPlanning | ||
| 700 | 1 |
_aLakdawala, D.T., _eAuthor. |
|
| 942 | _cBK | ||
| 999 |
_c1116 _d1116 |
||